Tìm hiểu môn học kinh tế chính trị Mác- Lênin : (Dưới dạng hỏi và đáp) /

Gespeichert in:
Bibliographische Detailangaben
1. Verfasser: Vũ, Văn Phúc, PGS.TS
Format: Buch
Sprache:Vietnamese
Veröffentlicht: Lý luận chính trị 2007
Tags: Tag hinzufügen
Keine Tags, Fügen Sie den ersten Tag hinzu!
Thư viện lưu trữ: Mạng thư viện Đại học Đà Nẵng
LEADER 00713nam a2200265 4500
001 000028465
003 VU-P07
005 20150403120000.0
008 150403s vm 000 vie
020 |c 0,0000 
040 |a notts 
100 |a Vũ, Văn Phúc, PGS.TS 
245 |a Tìm hiểu môn học kinh tế chính trị Mác- Lênin : (Dưới dạng hỏi và đáp) /  |c Vũ Văn Phúc, Mai Thế Hởn. 
260 |b Lý luận chính trị  |c 2007 
OWN |a LTT 
999 |a From the UDN01 
TYP |a Monograph 
TYP |a Printed language 
980 |a Mạng thư viện Đại học Đà Nẵng